000
00290nam a22001337a 4500
008
181012b xxu||||| |||| 00| 0 eng d
020
_a
9780750697767
041
_a
eng
080
_a
617
100
_a
8
101
_a
OFT
245
_a
Glaucoma Handbook
_c
Litwak,A.B
942
_2
udc
_c
BK
999
_c
49485
_d
49485